[Event "Janske Lazne op"]
[Site "Janske Lazne"]
[Date "2013.05.10"]
[Round "6"]
[White "Martinovsky, Miroslav"]
[Black "Michel, Ladislav"]
[Result "1/2-1/2"]
[WhiteElo "1816"]
[BlackElo "1879"]
[PlyCount "23"]
[EventDate "2013.05.07"]
[EventType "swiss"]
[EventRounds "8"]
[EventCountry "CZE"]
[SourceTitle "CBM 154 Extra"]
[Source "ChessBase"]
[SourceDate "2013.06.25"]
[SourceVersion "2"]
[SourceVersionDate "2013.06.25"]
[SourceQuality "1"]

1. Nf3 Nf6 2. d4 e6 3. Bf4 c5 4. e3 Qb6 5. Qc1 cxd4 6. exd4 d5 7. c3 Be7 8. Bd3 0-0 9. Nbd2 Bd7 10. 0-0 Bb5 11. Bxb5 Qxb5 12. Ne5 1/2-1/2

[Event "Liberec Metalmex op"]
[Site "Liberec"]
[Date "2012.08.18"]
[Round "9"]
[White "Martinovsky, Miroslav"]
[Black "Bradac, Daniel"]
[Result "0-1"]
[WhiteElo "1818"]
[BlackElo "1882"]
[PlyCount "94"]
[EventDate "2012.08.11"]
[EventType "swiss"]
[EventRounds "9"]
[EventCountry "CZE"]
[SourceTitle "EXT 2014"]
[Source "ChessBase"]
[SourceDate "2013.11.20"]
[SourceVersion "1"]
[SourceVersionDate "2013.11.20"]
[SourceQuality "1"]

1. Nf3 Nf6 2. d4 g6 3. e3 Bg7 4. Nbd2 0-0 5. Bd3 d6 6. c3 Nbd7 7. Qc2 e5 8. 0-0 Ne8 9. e4 Nb6 10. dxe5 dxe5 11. Nc4 Nxc4 12. Bxc4 Nd6 13. Rd1 Bg4 14. Qe2 Qf6 15. Bb3 Kh8 16. h3 Bxf3 17. Qxf3 Qh4 18. Bc2 f5 19. exf5 gxf5 20. Be3 e4 21. Qf4 Qe7 22. Bb3 Rf6 23. Bd4 Rg6 24. Kh2 Re8 25. Bxg7+ Qxg7 26. g3 h5 27. Rd4 Qf6 28. Rad1 Re7 29. Rd5 Reg7 30. Qe5 h4 31. Qxf6 Rxf6 32. Rg1 Kh7 33. Re5 Rfg6 34. Be6 Rg5 35. g4 f4 36. Rxg5 Rxg5 37. Re1 Re5 38. Bb3 f3 39. Re3 Kg6 40. Bc2 Kg5 41. b3 Kf4 42. c4 b5 43. cxb5 Rc5 44. Bd1 Rc1 45. Re1 Nxb5 46. Rf1 Nc3 47. Be2 Nxe2 0-1

[Event "Hradec Kralove op"]
[Site "Hradec Kralove"]
[Date "2012.05.15"]
[Round "5"]
[White "Martinovsky, Miroslav"]
[Black "Kabelka, Ondrej"]
[Result "1-0"]
[WhiteElo "1846"]
[BlackElo "1489"]
[PlyCount "87"]
[EventDate "2012.05.12"]
[EventType "swiss"]
[EventRounds "9"]
[EventCountry "CZE"]
[SourceTitle "CBM 148 Extra"]
[Source "ChessBase"]
[SourceDate "2012.06.22"]
[SourceVersion "1"]
[SourceVersionDate "2012.06.22"]
[SourceQuality "1"]

1. d4 d5 2. Nf3 Nf6 3. Bf4 Bf5 4. e3 e6 5. Nbd2 Nbd7 6. c4 c6 7. h3 Be7 8. Be2 0-0 9. 0-0 Re8 10. a3 a5 11. Nh4 Bg6 12. Nxg6 hxg6 13. Qc2 Nb6 14. c5 Nbd7 15. b4 axb4 16. axb4 b5 17. Qb2 Qc8 18. Rxa8 Qxa8 19. Ra1 Qb7 20. Qa3 Rc8 21. Bd3 Ne8 22. Qa7 Qxa7 23. Rxa7 Nef6 24. g4 g5 25. Bxg5 Kf8 26. Bf4 Ke8 27. Nb3 Bd8 28. Bd6 Ng8 29. Kg2 Ne7 30. Nd2 f6 31. f4 f5 32. Bxe7 Kxe7 33. gxf5 Bc7 34. Nf3 Kf6 35. fxe6 Kxe6 36. Ng5+ Kf6 37. Be2 Ke7 38. Bg4 g6 39. Ne6 Bb8 40. Rb7 Re8 41. Ng7 Rd8 42. Bxd7 Rxd7 43. Rxb8 Kf7 44. Ne8 1-0

[Event "Hradec Kralove op"]
[Site "Hradec Kralove"]
[Date "2012.05.15"]
[Round "4"]
[White "Paldus, Petr"]
[Black "Martinovsky, Miroslav"]
[Result "1/2-1/2"]
[WhiteElo "2005"]
[BlackElo "1846"]
[PlyCount "117"]
[EventDate "2012.05.12"]
[EventType "swiss"]
[EventRounds "9"]
[EventCountry "CZE"]
[SourceTitle "CBM 148 Extra"]
[Source "ChessBase"]
[SourceDate "2012.06.22"]
[SourceVersion "1"]
[SourceVersionDate "2012.06.22"]
[SourceQuality "1"]

1. e4 d6 2. d4 Nf6 3. Nc3 e5 4. Nf3 Nbd7 5. Bc4 Be7 6. 0-0 0-0 7. Bg5 c6 8. Re1 b5 9. Bf1 Bb7 10. Bxf6 Bxf6 11. d5 cxd5 12. Nxd5 a6 13. a4 Bxd5 14. exd5 bxa4 15. Rxa4 Nc5 16. Rb4 a5 17. Rb5 Qc7 18. Nd2 Rfb8 19. Ne4 Nxe4 20. Rxe4 Rxb5 21. Bxb5 Rb8 22. c4 Qc5 23. Qd2 Bd8 24. g4 Qa7 25. b3 h6 26. Kg2 Bg5 27. Qd3 Rf8 28. Re2 Qc5 29. Qc3 Bd8 30. Qd3 Bg5 31. Ra2 Qb6 32. Qc3 Bd8 33. h3 Qc5 34. Qe3 Qc7 35. f4 exf4 36. Qxf4 Qc5 37. Qf2 Qb4 38. Qf3 Bb6 39. Re2 Qc5 40. Re1 Qd4 41. Rf1 Qb2+ 42. Kh1 Qe5 43. Qf5 Qc3 44. Qf3 Qe5 45. Kg2 Bc5 46. h4 Qb2+ 47. Kh3 Qe5 48. Qd3 Qb2 49. Qf3 Qe5 50. Qf5 Qe3+ 51. Qf3 Qe5 52. Rd1 Qb2 53. Re1 Qd4 54. Re7 Qb2 55. Be8 Bg1 56. Bxf7+ Kh8 57. Re2 Rxf7 58. Rxb2 Rxf3+ 59. Kg2 1/2-1/2

[Event "Liberec Metalmex op"]
[Site "Liberec"]
[Date "2011.08.16"]
[Round "4"]
[White "Martinovsky, Miroslav"]
[Black "Cakl, Zdenek"]
[Result "0-1"]
[WhiteElo "1879"]
[BlackElo "2099"]
[PlyCount "76"]
[EventDate "2011.08.13"]
[EventType "swiss"]
[EventRounds "9"]
[EventCountry "CZE"]
[SourceTitle "CBM 143 Extra"]
[Source "ChessBase"]
[SourceDate "2011.08.29"]
[SourceVersion "1"]
[SourceVersionDate "2011.08.29"]
[SourceQuality "1"]

1. Nf3 d5 2. d4 e6 3. c4 f5 4. Nc3 Nf6 5. g3 Be7 6. Bg2 0-0 7. 0-0 c6 8. Ne5 Nbd7 9. Nxd7 Bxd7 10. b3 Be8 11. Bg5 h6 12. Bxf6 Bxf6 13. cxd5 exd5 14. e3 g5 15. Qd2 Qd6 16. Ne2 Bh5 17. Rac1 Rf7 18. Kh1 Raf8 19. Rg1 Kh8 20. Qd3 Bg7 21. Qd2 f4 22. gxf4 Bxe2 23. Qxe2 gxf4 24. Qg4 Qe7 25. Rce1 Rf5 26. exf4 Qf6 27. Qh3 Rxf4 28. Re6 Qf5 29. Qxf5 R4xf5 30. Bh3 Rxf2 31. Reg6 R8f7 32. Be6 Re7 33. Bc8 Ree2 34. Rd1 Rxh2+ 35. Kg1 Rh4 36. Kf1 Rxa2 37. Bxb7 Bxd4 38. Bxc6 Rh1+ 0-1

[Event "Nachod op 9th"]
[Site "Nachod"]
[Date "2011.07.09"]
[Round "8"]
[White "Szucs, Matyas"]
[Black "Martinovsky, Miroslav"]
[Result "1/2-1/2"]
[WhiteElo "1783"]
[BlackElo "1879"]
[PlyCount "34"]
[EventDate "2011.07.02"]
[EventType "swiss"]
[EventRounds "9"]
[EventCountry "CZE"]
[SourceTitle "EXT 2012"]
[Source "ChessBase"]
[SourceDate "2011.11.24"]
[SourceVersion "1"]
[SourceVersionDate "2011.11.24"]
[SourceQuality "1"]

1. e4 c5 2. Nf3 d6 3. d4 cxd4 4. Nxd4 Nf6 5. Nc3 a6 6. Bg5 e6 7. f4 Be7 8. Qf3 h6 9. Bh4 Qc7 10. 0-0-0 Nc6 11. g4 Nxd4 12. Rxd4 Bd7 13. Be2 Rc8 14. Rf1 Bc6 15. Bg3 Rf8 16. f5 e5 17. Rd2 b5 1/2-1/2

[Event "Nachod op 9th"]
[Site "Nachod"]
[Date "2011.07.06"]
[Round "5.33"]
[White "Martinovsky, Miroslav"]
[Black "Kotva, Milan"]
[Result "0-1"]
[WhiteElo "1879"]
[BlackElo "2014"]
[PlyCount "111"]
[EventDate "2011.07.02"]
[EventType "swiss"]
[EventRounds "9"]
[EventCountry "CZE"]
[SourceTitle "EXT 2012"]
[Source "ChessBase"]
[SourceDate "2011.11.24"]
[SourceVersion "1"]
[SourceVersionDate "2011.11.24"]
[SourceQuality "1"]

1. d4 d5 2. Nf3 Nf6 3. c4 c6 4. Nc3 dxc4 5. a4 Bf5 6. e3 e6 7. Bxc4 Be7 8. 0-0 0-0 9. h3 h6 10. Qe2 Ne4 11. Nxe4 Bxe4 12. Rd1 Nd7 13. Bd2 Nb6 14. Bd3 Bxd3 15. Qxd3 Qc7 16. Ba5 Rad8 17. Rac1 Rd5 18. Qc3 Qb8 19. Bxb6 axb6 20. b3 Rfd8 21. Qc2 Bf6 22. g3 Qa7 23. Kg2 Qa5 24. Kg1 b5 25. axb5 Qxb5 26. Kg2 Qb6 27. Rb1 Rb5 28. Kg1 Qc7 29. Rbc1 Qd6 30. Nd2 Be7 31. Kh2 Qd5 32. Qc4 Qf5 33. Qe2 Bd6 34. Rb1 Bc7 35. Kg2 h5 36. h4 Bd6 37. Qf3 Qg6 38. Qe4 Rf5 39. Nf3 Be7 40. Nd2 Kh7 41. Kf1 Rb5 42. Qxg6+ Kxg6 43. Kg2 e5 44. Nf3 exd4 45. Rxd4 Rxd4 46. Nxd4 Bf8 47. Ne2 Kf5 48. Kf3 Ke5 49. Nf4 g6 50. Nd3+ Kd6 51. Ke4 c5 52. Nf4 Kc6 53. Nd5 f5+ 54. Ke5 Bd6+ 55. Ke6 Ra5 56. b4 0-1

[Event "Nachod op 9th"]
[Site "Nachod"]
[Date "2011.07.04"]
[Round "3.23"]
[White "Martinovsky, Miroslav"]
[Black "Machan, Jan"]
[Result "1/2-1/2"]
[WhiteElo "1879"]
[BlackElo "2012"]
[PlyCount "137"]
[EventDate "2011.07.02"]
[EventType "swiss"]
[EventRounds "9"]
[EventCountry "CZE"]
[SourceTitle "EXT 2012"]
[Source "ChessBase"]
[SourceDate "2011.11.24"]
[SourceVersion "1"]
[SourceVersionDate "2011.11.24"]
[SourceQuality "1"]

1. d4 Nf6 2. Nf3 e6 3. c4 b6 4. Nc3 Bb4 5. Bd2 Bb7 6. a3 Bxc3 7. Bxc3 d6 8. g3 0-0 9. Bg2 Nbd7 10. 0-0 Ne4 11. Qc2 f5 12. e3 Ndf6 13. Rfd1 g5 14. Nxg5 Qe8 15. Be1 Nxg5 16. Bxb7 Rb8 17. Bg2 Qh5 18. Rd3 Nh3+ 19. Bxh3 Qxh3 20. f3 e5 21. Qg2 Qh5 22. dxe5 dxe5 23. Rdd1 Qf7 24. Qe2 Rfe8 25. Bc3 h5 26. Kh1 Qe6 27. Rd2 Kf7 28. b3 Rh8 29. Rg1 Rbg8 30. Qd3 h4 31. gxh4 Rxg1+ 32. Kxg1 Rg8+ 33. Kh1 e4 34. Qd4 exf3 35. Qxf6+ Qxf6 36. Bxf6 Kxf6 37. Rf2 Rg4 38. Rxf3 Rxh4 39. Kg2 Rh7 40. e4 Rh4 41. exf5 a5 42. a4 Rd4 43. Kg3 Rd1 44. h3 Re1 45. Kf2 Re4 46. Kg3 Re1 47. h4 Rg1+ 48. Kf4 Rh1 49. Kg4 Rg1+ 50. Rg3 Rd1 51. Rf3 Rg1+ 52. Kf4 Rh1 53. Kg3 Rg1+ 54. Kh2 Rg4 55. Kh3 Rg1 56. Kh2 Rg7 57. Rf2 Rd7 58. Kg3 Rd3+ 59. Rf3 Rd1 60. Kf4 Rd4+ 61. Kg3 Rd1 62. h5 Rd7 63. Kf4 Rd4+ 64. Kg3 Rd7 65. Kf4 Rd4+ 66. Ke3 Rh4 67. Kd3 Rxh5 68. Ke4 c6 69. Ke3 1/2-1/2

[Event "Liberec Metalmex op"]
[Site "Liberec"]
[Date "2010.??.??"]
[Round "9"]
[White "Martinovsky, Miroslav"]
[Black "Karafiat, Vaclav"]
[Result "1-0"]
[WhiteElo "1873"]
[BlackElo "1685"]
[PlyCount "39"]
[EventDate "2010.08.14"]
[EventType "swiss"]
[EventRounds "9"]
[EventCountry "CZE"]
[SourceTitle "CBM 138 Extra"]
[Source "ChessBase"]
[SourceDate "2010.10.29"]
[SourceVersion "1"]
[SourceVersionDate "2010.10.29"]
[SourceQuality "1"]

1. Nf3 Nf6 2. d4 d5 3. Bf4 c5 4. e3 e6 5. c3 Nc6 6. Nbd2 Bd6 7. Bg3 Bxg3 8. hxg3 cxd4 9. exd4 0-0 10. Bd3 h6 11. Qe2 Nh7 12. 0-0-0 e5 13. dxe5 Re8 14. Rde1 f6 15. Bxh7+ Kxh7 16. Qd3+ f5 17. g4 g6 18. Qe3 g5 19. Nxg5+ Kg6 20. Rxh6+ 1-0

[Event "Nachod op"]
[Site "Nachod"]
[Date "2009.07.09"]
[Round "6"]
[White "Radovic, Stefan"]
[Black "Martinovsky, Miroslav"]
[Result "1-0"]
[WhiteElo "2166"]
[BlackElo "1912"]
[PlyCount "91"]
[EventDate "2009.07.04"]
[EventType "swiss"]
[EventRounds "9"]
[EventCountry "CZE"]
[SourceTitle "CBM 131 Extra"]
[Source "ChessBase"]
[SourceDate "2009.09.03"]
[SourceVersion "2"]
[SourceVersionDate "2009.09.16"]
[SourceQuality "1"]

1. Nf3 d5 2. c4 c6 3. g3 e6 4. Bg2 Nf6 5. Qc2 Nbd7 6. d4 Be7 7. 0-0 0-0 8. Nbd2 Re8 9. b3 Bd6 10. Bb2 Qc7 11. e4 Nxe4 12. Nxe4 dxe4 13. Qxe4 Nf6 14. Qe2 Be7 15. Ne5 Bd7 16. Rfd1 Rad8 17. Rd3 Bc8 18. c5 Nd5 19. Be4 Nf6 20. Bg2 Bf8 21. Rf3 Re7 22. Rf4 Nd7 23. Nc4 Nf6 24. Rh4 g6 25. Re1 Bg7 26. Nd6 Ne8 27. Nc4 Nf6 28. Rf4 Nh5 29. Re4 Nf6 30. Re3 Nd5 31. Bxd5 Rxd5 32. Ne5 Bxe5 33. Rxe5 Rxe5 34. dxe5 Rd7 35. Bc1 Qd8 36. h4 h5 37. Bg5 Qf8 38. Qe3 Rd5 39. b4 a5 40. a3 axb4 41. axb4 b6 42. cxb6 Qxb4 43. Bf6 Kh7 44. Ra1 Bd7 45. Ra8 Qb1+ 46. Kh2 1-0

[Event "Nachod op"]
[Site "Nachod"]
[Date "2009.07.07"]
[Round "4"]
[White "Martinovsky, Miroslav"]
[Black "Kozak, Milos"]
[Result "0-1"]
[WhiteElo "1912"]
[BlackElo "2212"]
[PlyCount "90"]
[EventDate "2009.07.04"]
[EventType "swiss"]
[EventRounds "9"]
[EventCountry "CZE"]
[SourceTitle "CBM 131 Extra"]
[Source "ChessBase"]
[SourceDate "2009.09.03"]
[SourceVersion "2"]
[SourceVersionDate "2009.09.16"]
[SourceQuality "1"]

1. d4 Nf6 2. Nf3 g6 3. g3 Bg7 4. Bg2 0-0 5. 0-0 d6 6. c4 Nc6 7. Nc3 a6 8. b3 Rb8 9. Bb2 Bd7 10. d5 Na5 11. Qd2 c5 12. dxc6 bxc6 13. Rfe1 Qc7 14. e4 Rfd8 15. Rad1 Be6 16. Qe2 h6 17. h3 Ne8 18. Nd4 Bd7 19. Kh2 e6 20. Qd2 c5 21. Nde2 Qb6 22. Ba1 Qb4 23. Nf4 Nc6 24. Nd3 Qa5 25. Ne2 Qxd2 26. Rxd2 Bxa1 27. Rxa1 e5 28. f4 f6 29. Nc3 Nc7 30. Nd5 Nxd5 31. exd5 Nd4 32. fxe5 fxe5 33. Rf1 Rf8 34. Rdf2 Rxf2 35. Rxf2 Bf5 36. Nc1 e4 37. g4 e3 38. Rb2 Bc2 39. Bf1 Rf8 40. Bd3 Rf2+ 41. Kg3 Bxd3 42. Nxd3 Ne2+ 43. Kh4 g5+ 44. Kh5 Kg7 45. Rxe2 Rxe2 0-1

[Event "Nachod op"]
[Site "Nachod"]
[Date "2009.07.06"]
[Round "3"]
[White "Martinovsky, Miroslav"]
[Black "Hastik, Svatopluk"]
[Result "1-0"]
[WhiteElo "1912"]
[BlackElo "2118"]
[PlyCount "85"]
[EventDate "2009.07.04"]
[EventType "swiss"]
[EventRounds "9"]
[EventCountry "CZE"]
[SourceTitle "CBM 131 Extra"]
[Source "ChessBase"]
[SourceDate "2009.09.03"]
[SourceVersion "2"]
[SourceVersionDate "2009.09.16"]
[SourceQuality "1"]

1. d4 g6 2. Nf3 Bg7 3. g3 Nf6 4. Bg2 0-0 5. 0-0 d6 6. c4 c6 7. Nc3 Qa5 8. Qc2 Qh5 9. Bg5 Bh3 10. Bxf6 exf6 11. Rfe1 Na6 12. Bxh3 Qxh3 13. a3 Nc7 14. e3 Rfe8 15. Rac1 f5 16. Qd3 Bh6 17. Qf1 Qh5 18. Kg2 g5 19. Qd3 Qg6 20. Rcd1 Bg7 21. b4 d5 22. cxd5 cxd5 23. Rc1 Re7 24. Rc2 f4 25. Qxg6 hxg6 26. Nxg5 fxe3 27. Rxe3 Rxe3 28. fxe3 Bh6 29. Nf3 Re8 30. Nd1 Nb5 31. a4 Na3 32. Rc5 Nc4 33. Rxd5 Nb6 34. Rc5 Bxe3 35. Nxe3 Rxe3 36. a5 Na4 37. Rc7 b5 38. Rxa7 Nc3 39. Rb7 Re2+ 40. Kh3 Ra2 41. Ne5 f5 42. Nxg6 Nd5 43. Ne7+ 1-0

[Event "Nachod op"]
[Site "Nachod"]
[Date "2009.07.04"]
[Round "1"]
[White "Martinovsky, Miroslav"]
[Black "Cerveny, Petr"]
[Result "0-1"]
[WhiteElo "1912"]
[BlackElo "2318"]
[PlyCount "76"]
[EventDate "2009.07.04"]
[EventType "swiss"]
[EventRounds "9"]
[EventCountry "CZE"]
[SourceTitle "CBM 131 Extra"]
[Source "ChessBase"]
[SourceDate "2009.09.03"]
[SourceVersion "2"]
[SourceVersionDate "2009.09.16"]
[SourceQuality "1"]

1. Nf3 e6 2. c4 f5 3. g3 Nf6 4. Bg2 d5 5. d4 c6 6. Qc2 Bd6 7. Bg5 h6 8. Bxf6 Qxf6 9. e3 0-0 10. c5 Bc7 11. Nc3 Bd7 12. a3 b5 13. Ne2 a5 14. Nc1 Be8 15. Nd3 Nd7 16. 0-0 Bh5 17. Ra2 g5 18. Qc3 Bxf3 19. Bxf3 e5 20. dxe5 Nxe5 21. Nxe5 Bxe5 22. Qd2 a4 23. Qc2 Kh8 24. b3 axb3 25. Qxb3 Ra4 26. Bd1 f4 27. exf4 gxf4 28. Qf3 Rc4 29. Rc2 Bd4 30. Rxc4 bxc4 31. gxf4 Qxf4 32. Qxf4 Rxf4 33. a4 Bxc5 34. a5 d4 35. Ba4 d3 36. Bxc6 c3 37. Bb5 d2 38. Bd3 Rxf2 0-1

[Event "Hradec Kralove Region-chT 0506"]
[Site "Czech Republic"]
[Date "2005.12.11"]
[Round "4.2"]
[White "Martinovsky, Miroslav"]
[Black "Fiedler, Bedrich"]
[Result "0-1"]
[WhiteElo "1935"]
[BlackElo "2094"]
[PlyCount "70"]
[EventDate "2005.10.23"]
[EventType "team-tourn"]
[EventRounds "11"]
[EventCountry "CZE"]
[SourceTitle "EXT 2024"]
[Source "ChessBase"]
[SourceDate "2023.10.10"]
[SourceVersion "1"]
[SourceVersionDate "2023.10.10"]
[SourceQuality "1"]
[WhiteTeam "Jaromer Jiskra"]
[BlackTeam "Lipa"]
[WhiteTeamCountry "CZE"]
[BlackTeamCountry "CZE"]

1. d4 Nf6 2. Nf3 c5 3. e3 e6 4. c4 b6 5. Nc3 Bb7 6. d5 exd5 7. cxd5 d6 8. b3 Be7 9. Bb2 0-0 10. Be2 Na6 11. 0-0 Nc7 12. e4 a6 13. a4 Re8 14. Nd2 Rb8 15. Qc2 Bf8 16. Rfe1 Bc8 17. h3 Bd7 18. Reb1 b5 19. axb5 axb5 20. Ra2 b4 21. Nd1 Nfxd5 22. Bf3 Nf4 23. Ne3 Bc6 24. Nf5 Nb5 25. Re1 Ne6 26. Raa1 g6 27. Ne3 Ned4 28. Qd1 Bg7 29. Ndc4 Nxf3+ 30. gxf3 Nd4 31. Bxd4 cxd4 32. Ra6 Qc8 33. Ra5 Qxh3 34. Nxd6 Red8 35. Ndc4 dxe3 0-1

[Event "Hradec Kralove Region-chT 0506"]
[Site "Czech Republic"]
[Date "2005.10.23"]
[Round "1.2"]
[White "Juptner, Jan"]
[Black "Martinovsky, Miroslav"]
[Result "1-0"]
[WhiteElo "2236"]
[BlackElo "1935"]
[PlyCount "53"]
[EventDate "2005.10.23"]
[EventType "team-tourn"]
[EventRounds "11"]
[EventCountry "CZE"]
[SourceTitle "EXT 2024"]
[Source "ChessBase"]
[SourceDate "2023.10.10"]
[SourceVersion "1"]
[SourceVersionDate "2023.10.10"]
[SourceQuality "1"]
[WhiteTeam "Vrchlabi"]
[BlackTeam "Jaromer Jiskra"]
[WhiteTeamCountry "CZE"]
[BlackTeamCountry "CZE"]

1. d4 c5 2. d5 e5 3. e4 d6 4. Nc3 Be7 5. Nf3 Nf6 6. Be2 0-0 7. 0-0 Ne8 8. Nd2 f5 9. exf5 Bxf5 10. Bg4 Qd7 11. Bxf5 Qxf5 12. Nc4 Nd7 13. f4 h5 14. Rf3 e4 15. Ne3 Qh7 16. Rf1 Nc7 17. a4 a6 18. a5 b5 19. axb6 Nxb6 20. Ne2 Bf6 21. c3 Qg6 22. f5 Qf7 23. Nf4 Be5 24. Ng6 Rfe8 25. Qxh5 Qd7 26. f6 Bxf6 27. Rxf6 1-0